[Event "FRA-ch U20"]
[Site "Saint Paul Trois Chateaux"]
[Date "2013.05.05"]
[Round "9"]
[White "Verwee, Johann"]
[Black "Domenech, Vianney"]
[Result "0-1"]
[WhiteElo "1758"]
[BlackElo "2232"]
[PlyCount "110"]
[EventDate "2013.04.28"]
[EventType "swiss"]
[EventRounds "9"]
[EventCountry "FRA"]
[SourceTitle "CBM 154 Extra"]
[Source "ChessBase"]
[SourceDate "2013.06.25"]
[SourceVersion "2"]
[SourceVersionDate "2013.06.25"]
[SourceQuality "1"]

1. e4 c6 2. d4 d5 3. Nc3 dxe4 4. Nxe4 Nf6 5. Ng5 h6 6. N5f3 Bf5 7. Bd3 Bxd3 8. Qxd3 Qc7 9. Ne2 e6 10. Bf4 Qa5+ 11. c3 Nbd7 12. Nd2 0-0-0 13. Nc4 Qd5 14. Ne3 Qh5 15. Qc2 Nd5 16. Bg3 f5 17. Nxd5 exd5 18. 0-0-0 Qf7 19. Be5 Nxe5 20. dxe5 f4 21. Nd4 c5 22. Qf5+ Qxf5 23. Nxf5 g6 24. Nh4 g5 25. Nf5 Rh7 26. e6 Be7 27. Rhe1 Kc7 28. Nxe7 Rxe7 29. Re5 Kc6 30. Kc2 Rd6 31. Rde1 b5 32. b3 Rd8 33. Rd1 Rd6 34. Rde1 a6 35. f3 a5 36. a3 d4 37. cxd4 Rxd4 38. Rf5 Kd6 39. Rf6 h5 40. Rf5 Rd5 41. Rd1 Rxd1 42. Kxd1 Rxe6 43. Rxg5 Re5 44. Rg6+ Kd5 45. Rf6 c4 46. bxc4+ Kxc4 47. Ra6 a4 48. Rf6 Kb3 49. Rxf4 Kxa3 50. h4 b4 51. Rc4 b3 52. Kd2 b2 53. Rc3+ Ka2 54. Rc2 Rd5+ 55. Ke3 Kb3 0-1

[Event "FRA-ch U20"]
[Site "Saint Paul Trois Chateaux"]
[Date "2013.04.30"]
[Round "4"]
[White "Verwee, Johann"]
[Black "Aumont, Alexandre"]
[Result "0-1"]
[WhiteElo "1758"]
[BlackElo "1988"]
[PlyCount "118"]
[EventDate "2013.04.28"]
[EventType "swiss"]
[EventRounds "9"]
[EventCountry "FRA"]
[SourceTitle "CBM 154 Extra"]
[Source "ChessBase"]
[SourceDate "2013.06.25"]
[SourceVersion "2"]
[SourceVersionDate "2013.06.25"]
[SourceQuality "1"]

1. e4 e6 2. d4 d5 3. Nc3 dxe4 4. Nxe4 Nd7 5. Nf3 Ngf6 6. Nxf6+ Nxf6 7. Bg5 Be7 8. Bd3 0-0 9. c3 b6 10. Qc2 h6 11. Bxf6 Bxf6 12. Be4 Rb8 13. 0-0-0 Qd6 14. Rd2 b5 15. h4 c5 16. g4 Qf4 17. g5 Be7 18. gxh6 Qxh6 19. Ne5 Bd6 20. Kb1 b4 21. Ng4 Qf4 22. Rg1 bxc3 23. Qxc3 Qxe4+ 24. Ka1 Qf4 25. dxc5 Bxc5 26. Nf6+ Kh8 27. Nd7 f6 28. Nxf8 Bxf8 29. Rd8 Ba6 30. Rxb8 Qxb8 31. Qa5 Qd6 32. Qh5+ Kg8 33. Rd1 Qe7 34. Qg6 Bc4 35. h5 Kh8 36. Rg1 e5 37. Qe4 Bf7 38. Rh1 Qe6 39. Qa4 Qd5 40. Rd1 Qe6 41. Rh1 a6 42. Rd1 Bxh5 43. Rh1 g6 44. Qc2 e4 45. Re1 f5 46. Qc3+ Bg7 47. Qb4 Bf3 48. Qb8+ Kh7 49. Qh2+ Bh5 50. Qb8 Qe5 51. Qb7 Bf3 52. Rc1 e3 53. Rh1+ Bxh1 54. Qxh1+ Kg8 55. Qa8+ Kf7 56. Qb7+ Kf6 57. Qxa6+ Kg5 58. f4+ Qxf4 59. a3 Qd4 0-1

[Event "FRA-ch U20"]
[Site "Saint Paul Trois Chateaux"]
[Date "2013.04.28"]
[Round "1"]
[White "Louis, Thibault"]
[Black "Verwee, Johann"]
[Result "1-0"]
[WhiteElo "2217"]
[BlackElo "1758"]
[PlyCount "54"]
[EventDate "2013.04.28"]
[EventType "swiss"]
[EventRounds "9"]
[EventCountry "FRA"]
[SourceTitle "CBM 154 Extra"]
[Source "ChessBase"]
[SourceDate "2013.06.25"]
[SourceVersion "2"]
[SourceVersionDate "2013.06.25"]
[SourceQuality "1"]

1. e4 c5 2. Nc3 d6 3. f4 Nc6 4. Bb5 Bd7 5. Bc4 Nf6 6. Nf3 Bg4 7. h3 Bxf3 8. Qxf3 Nd4 9. Qd3 a6 10. a4 e6 11. Ba2 Qc7 12. 0-0 0-0-0 13. Ne2 d5 14. Nxd4 cxd4 15. e5 Ne4 16. c3 dxc3 17. dxc3 Bc5+ 18. Be3 Qb6 19. Bd4 Kb8 20. b4 Bxd4+ 21. Qxd4 Rc8 22. Kh2 Rxc3 23. f5 Ng3 24. Rfc1 Nxf5 25. Rf1 Rhc8 26. Bb1 g6 27. Bxf5 gxf5 1-0

[Event "FRA-ch op-C"]
[Site "Pau"]
[Date "2012.08.21"]
[Round "7"]
[White "Verwee, Johann"]
[Black "Thomas, Apolline"]
[Result "0-1"]
[WhiteElo "1749"]
[BlackElo "1699"]
[PlyCount "80"]
[EventDate "2012.08.14"]
[EventType "swiss"]
[EventRounds "11"]
[EventCountry "FRA"]
[SourceTitle "EXT 2014"]
[Source "ChessBase"]
[SourceDate "2013.11.20"]
[SourceVersion "1"]
[SourceVersionDate "2013.11.20"]
[SourceQuality "1"]

1. e4 e5 2. Nf3 Nc6 3. Bb5 a6 4. Ba4 Nf6 5. 0-0 b5 6. Bb3 Bc5 7. Nxe5 Nxe5 8. d4 Bxd4 9. Qxd4 d6 10. c3 c5 11. Qd1 Bb7 12. Re1 0-0 13. Bg5 h6 14. Bxf6 Qxf6 15. Bd5 Bxd5 16. Qxd5 c4 17. Re2 Nd3 18. a4 Nf4 19. Qd1 Qg5 20. f3 Nxe2+ 21. Qxe2 Rfe8 22. Qd2 Qxd2 23. Nxd2 Red8 24. Kf2 d5 25. axb5 axb5 26. Rxa8 Rxa8 27. exd5 Rd8 28. Ke3 Rxd5 29. Nb1 f5 30. g4 g6 31. Na3 Kf7 32. Nc2 Re5+ 33. Kf4 Re2 34. Nd4 Rxb2 35. gxf5 gxf5 36. Kxf5 b4 37. Nb5 bxc3 38. Nd6+ Kg7 39. Nxc4 Rb5+ 40. Ke4 c2 0-1

[Event "FRA-ch op-C"]
[Site "Pau"]
[Date "2012.08.19"]
[Round "6"]
[White "Le Gluher, Thomas"]
[Black "Verwee, Johann"]
[Result "0-1"]
[WhiteElo "1646"]
[BlackElo "1749"]
[PlyCount "102"]
[EventDate "2012.08.14"]
[EventType "swiss"]
[EventRounds "11"]
[EventCountry "FRA"]
[SourceTitle "EXT 2014"]
[Source "ChessBase"]
[SourceDate "2013.11.20"]
[SourceVersion "1"]
[SourceVersionDate "2013.11.20"]
[SourceQuality "1"]

1. e4 c5 2. c3 d5 3. exd5 Qxd5 4. d4 Nf6 5. Nf3 Bg4 6. Be2 e6 7. 0-0 Nc6 8. Be3 cxd4 9. Bxd4 Nxd4 10. Nxd4 Bxe2 11. Qxe2 Bc5 12. Rd1 Rd8 13. b4 Bxd4 14. Rxd4 Qc6 15. Rxd8+ Kxd8 16. c4 Ke7 17. Nc3 Rd8 18. Rd1 Rxd1+ 19. Nxd1 Qa4 20. b5 Qb4 21. Nb2 Qa3 22. Nd3 Qc3 23. Ne1 Ne8 24. Nc2 Nd6 25. Ne3 Qa1+ 26. Nf1 Qc1 27. Qh5 Qxc4 28. Qxh7 g6 29. Qh6 Nxb5 30. Qe3 b6 31. h3 Nc3 32. Nd2 Ne2+ 33. Kh2 Qf4+ 34. Qxf4 Nxf4 35. Kg3 Nd5 36. Kg4 b5 37. Kg5 Nb4 38. a3 Nc2 39. Nb1 a5 40. g4 Nd4 41. Nd2 b4 42. axb4 axb4 43. h4 b3 44. h5 b2 45. Kh6 gxh5 46. gxh5 Kf6 47. f4 Nf5+ 48. Kh7 Ne7 49. h6 Ng6 50. Kg8 Nxf4 51. h7 Ng6 0-1